Political analysis and research methods
Guardat en:
| Autor principal: | |
|---|---|
| Format: | Llibre |
| Idioma: | anglès |
| Publicat: |
Ane Books
2018
|
| Etiquetes: |
Afegir etiqueta
Sense etiquetes, Sigues el primer a etiquetar aquest registre!
|
MARC
| LEADER | 00000nam a22000007a 4500 | ||
|---|---|---|---|
| 008 | 240826b |||||||| |||| 00| 0 eng d | ||
| 020 | |a 9789386761187 | ||
| 100 | |a MANDAL, Ram Lakham | ||
| 245 | |a Political analysis and research methods |c /Ram Lakham Mandal |g vi, 272p | ||
| 260 | |b Ane Books |c 2018 |h New Delhi |i 701225 |i 701226 |l JA86.M31 |m Political science-Research- Methods | ||
| 500 | |a it includes bibliographical and index | ||
| 942 | |a lcc |c BK |e Johnson |f 26/06/24 | ||
| 952 | |0 0 |1 0 |2 lcc |4 0 |6 JA0086 M31 |7 0 |9 5522 |a HOL |b HOL |c GJ |d 2024-08-26 |l 0 |o JA86.M31 |p 2024-0762 |r 2024-08-26 00:00:00 |t 701225 |w 2024-08-26 |y BK | ||
| 952 | |0 0 |1 0 |2 lcc |4 0 |6 JA0086 M31 |7 0 |9 5523 |a HOL |b HOL |c GJ |d 2024-08-26 |l 0 |o JA86.M31 |p 2024-0763 |r 2024-08-26 00:00:00 |t 7012265 |w 2024-08-26 |y BK | ||
| 999 | |c 2726 |d 2726 | ||